000 01497 a2200265 4500
005 20110810171638.0
010 _aENG-87966 B-423763--765
020 _a0415430771
_c650.00
035 _aEN-71499
035 _aB-423763--765
037 _bDBAD / PUB
037 _bAllied Publishers
082 1 4 _a306.74
100 1 _aAgrawal, Anuja
_932447
245 1 _aChaste wives and prostitute sisters :
_bpatriarchy and prostitution among the bedias of India /
_cby Anuja Agrawal
260 _aNew Delhi
_bRoutledge
_c2008
270 _a912, Tolstoy House, 15-17 Tolstoy Marg
_bNew Delhi
_e110 001
300 _axii, 251 p.
_c22 cm ( Hb.)
942 _adpl
_cEN
_2ddc
_h306.74
_mAGR
999 _c7486
_d7486